Normal view
MARC view
- Simpson, Alan .
Entry Personal Name
001 - CONTROL NUMBER
- control field: 1473
003 - CONTROL NUMBER IDENTIFIER
- control field: OSt
005 - DATE AND TIME OF LATEST TRANSACTION
- control field: 20160924101442.0
008 - FIXED-LENGTH DATA ELEMENTS
- fixed length control field: 160924|| aca||aabn | a|a d
040 ## - CATALOGING SOURCE
- Original cataloging agency: OSt
- Transcribing agency: OSt
100 ## - HEADING--PERSONAL NAME
- Personal name: Simpson, Alan .
670 ## - SOURCE DATA FOUND
- Source citation: Work cat.: (OSt)8665: Simpson, Alan ., dBase lll plusTM Programmers Referance Guide / , 1990.
